Normal view
MARC view
- Brownstein, Samuel C Weiner Green, Sharon Weiner, Mitchel
Entry Personal Name
001 - CONTROL NUMBER
- control field: 56731
003 - CONTROL NUMBER IDENTIFIER
- control field: NUST
005 - DATE AND TIME OF LATEST TRANSACTION
- control field: 20210628201749.0
008 - FIXED-LENGTH DATA ELEMENTS
- fixed length control field: 210628|| aca||aabn | a|a d
040 ## - CATALOGING SOURCE
- Original cataloging agency: NUST
- Transcribing agency: NUST
100 ## - HEADING--PERSONAL NAME
- Personal name: Brownstein, Samuel C Weiner Green, Sharon Weiner, Mitchel
670 ## - SOURCE DATA FOUND
- Source citation: Work cat.: (NUST): Brownstein, Samuel C Weiner Green, Sharon Weiner, Mitchel, Gre , how to prepare for the graduate record examination general test, 2001
